The formation of judicial federalism in the United States (Record no. 506241)

000 -LEADER
fixed length control field 00469nam a2200169Ia 4500
008 - FIXED-LENGTH DATA ELEMENTS--GENERAL INFORMATION
fixed length control field 181130s2018 xx 000 0 und d
100 ## - MAIN ENTRY--PERSONAL NAME
Personal name Brogdon, Matthew S.
245 ## - TITLE STATEMENT
Title The formation of judicial federalism in the United States
260 ## - PUBLICATION, DISTRIBUTION, ETC.
Date of publication, distribution, etc. 2018
300 ## - PHYSICAL DESCRIPTION
Extent p.269-291.
504 ## - BIBLIOGRAPHY, ETC. NOTE
-- Spring
650 ## - SUBJECT ADDED ENTRY--TOPICAL TERM
Topical term or geographic name entry element Federalism
650 ## - SUBJECT ADDED ENTRY--TOPICAL TERM
Topical term or geographic name entry element Federalism - U.S.A.
650 ## - SUBJECT ADDED ENTRY--TOPICAL TERM
Topical term or geographic name entry element Judicial federalism
773 ## - HOST ITEM ENTRY
Main entry heading Publius: the Journal of Federalism
906 ## - LOCAL DATA ELEMENT F, LDF (RLIN)
a Federalism
Holdings
Withdrawn status Lost status Damaged status Not for loan Permanent Location Current Location Date acquired Serial Enumeration / chronology Barcode Date last seen Price effective from Koha item type
        Indian Institute of Public Administration Indian Institute of Public Administration 2018-12-07 48(2), Spring, 2018: p.269-291. AR118036 2018-12-07 2018-12-07 Articles

Powered by Koha